Elements of physical chemistry /

Guardado en:
Autor Principal: Atkins, Peter 1940-
Otros Autores: De Paula, Julio.
Formato: Libro
Idioma:English
Publicado: New York : W. H. Freeman : Oxford University Press, c2005.
Edición:4th ed.
Materias:
Etiquetas: Agregar Etiqueta
Sin Etiquetas, Sea el primero en etiquetar este registro!
LEADER 00781cam a2200241 a 4500
001 EIQ.libpla004284
008 050512s2005####nyua##########001#0#eng##
005 20121129143742.0
245 1 0 |a Elements of physical chemistry /  |c Peter Atkins, Julio de Paula. 
250 |a 4th ed. 
260 |a New York :  |b W. H. Freeman :  |b Oxford University Press,  |c c2005. 
300 |a xix, 627 p. :  |b il. ;  |c 25 cm. 
500 |a Incluye índice. 
020 |a 0199271836 
100 1 |a Atkins, Peter  |q (Peter William),  |d 1940- 
700 1 |a De Paula, Julio. 
082 0 0 |a 541.22  |2 21 
650 7 |a Química.  |x Fisicoquímica 
650 7 |a Chemistry  |x Physical chemistry 
010 |a  2005275446 
040 |a DLC  |c DLC  |d DLC 
050 0 0 |a QD453.3  |b .A85 2005 
859 |a AR-BbSID  |b BIB. PLAPIQUI  |h 541.22  |i At52  |p 6145